Statistics for バスターミナル東京八重洲から行くことのできる自治体

Click here to take the quiz!

General Stats

  • This quiz has been taken 108 times
  • The average score is 105 of 163

Answer Stats

路線名運行会社行き先% Correct
JAMJAMLINERジャムジャムエクスプレス
丹沢交通
盛岡市
96%
MEX宮古・盛岡岩手県北自動車盛岡市
96%
盛岡市
96%
青森市
95%
さくら高速バス桜交通
AT LINER
名古屋市
92%
アミ―号山一サービス大阪市
92%
大阪市
92%
ミルキーウェイエクスプレスさくら観光バス名古屋市
92%
大阪市
92%
大阪市
92%
大阪市
92%
プレミアムグレースグレース観光バス大阪市
92%
あおぞらライナーさくら観光バス
青木バス
名古屋市
92%
大阪市
92%
大阪市
92%
大阪市
92%
大阪市
92%
大阪市
92%
アミ―号武井観光名古屋市
92%
ブルーライナー広栄交通名古屋市
92%
NETWORK泉観光バス名古屋市
92%
名古屋市
92%
名古屋市
92%
オリオンバスオー・ティー・ビー名古屋市
92%
JAMJAMLINERジャムジャムエクスプレス
西三交通
名古屋市
92%
ナイトライナー東京富士交通仙台市
91%
ミルキーウェイエクスプレスさくら観光バス仙台市
91%
長野市
91%
さくら高速バス桜交通
AT LINER
仙台市
91%
WILLER EXPRESSWILLER EXPRESS京都市
89%
VIPライナー平成エンタープライズ京都市
89%
さくら高速バス桜交通
AT LINER
京都市
89%
東京特急ニュースター号東京バス
大阪バス
京都市
89%
ミルキーウェイエクスプレスさくら観光バス京都市
89%
LimonBus神姫観光京都市
89%
ナイトライナー東京富士交通京都市
89%
ユタカライナーユタカ交通京都市
89%
京都市
89%
東京~君津線京成バス
日東交通
木更津市
88%
東京~木更津線京成バス
日東交通
木更津市
88%
東京~鴨川線京成バス
日東交通
木更津市
88%
東京~勝浦線京成バス
日東交通
小湊鐡道
木更津市
88%
成田市
87%
君津市
87%
君津市
87%
君津市
87%
鴨川市
85%
高松市
85%
高崎市
85%
銚子市
85%
前橋市
85%
鴨川市
85%
神戸市
84%
神戸市
84%
神戸市
84%
JAMJAMLINERジャムジャムエクスプレス神戸市
84%
パンダ号東京新宿線弘南バス弘前市
83%
弘前市
83%
高知市
81%
高知市
81%
新潟市
80%
新潟市
80%
松本市
80%
スマイルライナー高知駅前観光徳島市
80%
徳島市
80%
徳島市
80%
JAMJAMLINERジャムジャムエクスプレス岡山市
79%
オリオンバスオー・ティー・ビー岡山市
79%
広島市
79%
広島市
79%
勝浦市
79%
アミ―号武井観光
山一サービス
草津市
77%
吾妻郡草津町
77%
姫路市
77%
秋田市
77%
宮古市
76%
松山市
75%
福岡市
73%
NETWORK泉観光バス長岡市
71%
アミ―号ウエスト観光バス長岡市
71%
南相馬市
71%
オリオンバスオー・ティー・ビー金沢市
69%
金沢市
69%
金沢市
69%
長野・松本・茅野~
上野・東京ディズニーリゾート®・成田空港線
アルピコ交通
成田空港交通
茅野市
68%
東京~成東東金線ちばフラワーバス東金市
68%
東京~白子線小湊鐡道東金市
68%
JIU東京線西岬観光東金市
68%
明石市
67%
オリオンバスオー・ティー・ビー富山市
65%
双葉郡双葉町
65%
JAMJAMLINERジャムジャムエクスプレス
丹沢交通
富山市
65%
オリオンバスオー・ティー・ビー北九州市
64%
福井市
64%
豊橋市
64%
倉敷市
63%
奈良市
63%
岐阜市
63%
福山市
59%
岩手きずな号フジエクスプレス
岩手県北自動車
北上市
56%
仲多度郡琴平町
56%
市原市
55%
二戸市
53%
マイ・リピート
マイ・フローラ
海部観光鳴門市
52%
高岡市
52%
コトバスエクスプレス琴平バス鳴門市
52%
久慈市
51%
塩尻市
51%
WILLER EXPRESSWILLER EXPRESS豊田市
51%
袖ケ浦市
51%
燕市
51%
旭市
51%
ガウライナー小湊鐡道袖ケ浦市
51%
燕市
51%
岡崎市
49%
JAMJAMLINERジャムジャムエクスプレス横手市
49%
双葉郡浪江町
49%
佐倉市
48%
加古川市
48%
大網白里市
48%
小松市
45%
富津市
45%
白子町
45%
香取市
44%
五所川原市
44%
山武市
44%
大仙市
43%
南相馬・双葉ライナー東北アクセス双葉郡富岡町
43%
匝瑳市
41%
なの花ライナーなの花交通バス四街道市
40%
Dts line八ッ場草津温泉号Dts creation吾妻郡長野原町
37%
阿南市
37%
さぬき市
36%
双葉郡大熊町
36%
夷隅郡大多喜町
35%
小松島市
35%
(乗り換え)四国中央市
33%
安曇野市
32%
裏磐梯・東京線会津乗合自動車耶麻郡猪苗代町
32%
新宿区
32%
東かがわ市
32%
下閉伊郡山田町
32%
東京~銚子線京成バス
千葉交通
印旛郡酒々井町
31%
前橋・高崎~東京駅線日本中央バス藤岡市
31%
JAMJAMLINERジャムジャムエクスプレス東広島市
31%
綾歌郡宇多津町
31%
山武郡横芝光町
29%
渋谷区
28%
八幡平市
27%
VIPライナー平成エンタープライズ南都留郡富士河口湖町
27%
九戸郡九戸村
25%
神戸・大阪~
横浜・東京・「東京ディズニーリゾート®」
京成バス豊中市
25%
香取郡神崎町
23%
050系統京王バス港区
21%
東大阪市
20%
木田郡三木町
19%
板野郡松茂町
16%
耶麻郡北塩原村
16%
香取郡東庄町
13%
丹波篠山市
8%
VIPライナー平成エンタープライズ長久手市
7%
東海市
5%
三好郡東みよし町
4%

Score Distribution

Percentile by Number Answered

Percent of People with Each Score

Your Score History

You have not taken this quiz